Library Banner

Al wajaiz fi Islamiya tul maroof/ (Record no. 93873)

MARC details
000 -LEADER
fixed length control field 00381nam a22001337a 4500
005 - DATE AND TIME OF LATEST TRANSACTION
control field 20170522141741.0
008 - FIXED-LENGTH DATA ELEMENTS--GENERAL INFORMATION
fixed length control field 170522b xxu||||| |||| 00| 0 eng d
040 ## - CATALOGING SOURCE
Transcribing agency PK-LaUMT
082 ## - DEWEY DECIMAL CLASSIFICATION NUMBER
Classification number ZIAC 297.07
Item number ALW-
245 ## - TITLE STATEMENT
Title Al wajaiz fi Islamiya tul maroof/
260 ## - PUBLICATION, DISTRIBUTION, ETC. (IMPRINT)
Place of publication, distribution, etc بیروت:
Name of publisher, distributor, etc المعھد العالمی للفکر الاسلامی،
Date of publication, distribution, etc 1987
300 ## - PHYSICAL DESCRIPTION
Extent 131 ص
942 ## - ADDED ENTRY ELEMENTS (KOHA)
Koha item type Books
Holdings
Withdrawn status Lost status Damaged status Home library Current library Date acquired Full call number Barcode Date last seen Price effective from Koha item type
      UMT Main Campus UMT Main Campus 2017-05-22 ZIAC 297.07 ALW- 109316 2017-05-22 2017-05-22 Books